Dahanu Road / (Record no. 55275)
[ view plain ]
| 000 -LEADER | |
|---|---|
| fixed length control field | 01082nam a22002297a 4500 |
| 005 - DATE AND TIME OF LATEST TRANSACTION | |
| control field | 20110811151937.0 |
| 010 ## - LCCN (DPL NO) | |
| LC control number | B-428669-670 |
| 020 ## - INTERNATIONAL STANDARD BOOK NUMBER | |
| International Standard Book Number | 9788172239718 |
| Terms of availability | 299.00 |
| 035 ## - SYSTEM CONTROL NUMBER | |
| System control number | B-428669-670 |
| 037 ## - SOURCE OF ACQUISITION | |
| Source of stock number/acquisition | Researchco Book Centre/22425/2010-11/17.3.11/76/4.3.11/30.3.11 |
| 082 ## - DEWEY DECIMAL CLASSIFICATION NUMBER | |
| Classification number | N |
| 100 1# - MAIN ENTRY--PERSONAL NAME | |
| Personal name | Irani, Anosh, |
| Dates associated with a name | 1974- |
| 245 10 - TITLE STATEMENT | |
| Title | Dahanu Road / |
| Statement of responsibility, etc | Anosh Irani. |
| 260 ## - PUBLICATION, DISTRIBUTION, ETC. (IMPRINT) | |
| Place of publication, distribution, etc | New Delhi : |
| Name of publisher, distributor, etc | HarperCollins Publishers India |
| Date of publication, distribution, etc | 2010. |
| 300 ## - PHYSICAL DESCRIPTION | |
| Extent | xiii, 304 p. ; |
| Dimensions | 20 cm. (Pbk) |
| 500 ## - GENERAL NOTE | |
| General note | Novel. |
| 942 ## - ADDED ENTRY ELEMENTS (KOHA) | |
| Source of classification or shelving scheme | Dewey Decimal Classification |
| Item type | English Books |
| Classification part | N |
| Call number suffix | IRA |
| Withdrawn status | Lost status | Not for loan | Collection code | Home library | Current library | Date acquired | Source of acquisition | Cost, normal purchase price | Full call number | Barcode | Copy number | Cost, replacement price | Koha item type |
|---|---|---|---|---|---|---|---|---|---|---|---|---|---|
| Fiction | Central Library | Central Library | 17/08/2011 | Researchco Book Centre/RBC-22425/2011-12/17.3.11/76/4.3.11/30.3.11 | 299.00 | N IRA | B-428669 | 1 | 299.00 | English Books | |||
| Fiction | Sarojini Nagar | Sarojini Nagar | 17/08/2011 | Researchco Book Centre/RBC-22425/2011-12/17.3.11/76/4.3.11/30.3.11 | 299.00 | N IRA | B-428670 | 1 | 299.00 | English Books |
